Évolitions - Statistiques

Statistiques générales
  • Ce quiz a été pris 37 fois
  • Le résultat moyen est 7 sur 8
Statistiques - réponses
Réponse % Correct
Aquali
100%
Noctali
97%
Pyroli
97%
Voltali
94%
Mentali
88%
Nymphali
78%
Phylali
78%
Givrali
72%
Aucun quiz correspondant
Distribution des résultats
% des personnes avec chaque résultat
Percentile par nombre de réponses
Votre historique - résultats
Vous n’avez pas pris ce quiz